000
00257nam a2200121Ia 4500
100
_a
CIMI-DGET
942
_c
BK
245
_a
Tool & Die Maker IInd YEAR DIES & MOULDS THEORY
260
_b
#N/A
_a
Chennai
300
_a
108
546
_a
ENGLISH
999
_c
32442
_d
32442